Estadísticas para Quiz de la Provincia de Lérida

Haz click aquí para intentar la prueba.

Estadísticas generales

  • Esta prueba ha sido intentada 12 veces
  • La puntuación promedio es 6 de 9

Estadísticas de respuestas

PistaRespuesta% Correcto
Idioma oficial (di uno que no sea el castellano)Catalán / Occitano
100%
Comunidad a la que pertenece.Cataluña
100%
Cordillera al norte de la provincia que se considera una "frontera natural" con el país galo.Pirineos
91%
País montañoso situado al norte de la provincia.Andorra
82%
Capital.Lérida
82%
Gasterópodo que es muy típico en los restaurantes de la capital.Caracol
55%
Catedral situada en el centro de la capital.Catedral de la Seu Vella
55%
Montaña más alta (pista: empieza por P)Pica d'Estats
36%
Compositor nacido en la capital conocido por su obra pianística, basada en danza española.Enric Granados
27%

Distribución de puntuación

Porcentaje por número respondido

Porcentaje de gente con cada puntuación

Historial de tus puntuaciones

No has intentado esta prueba.